Statistics for Taylor Swift Groups of Things

Click here to take the quiz!

General Stats

  • This quiz has been taken 180 times
  • The average score is 50 of 80

Answer Stats

CategoryAnswer% Correct
Items Mentioned in the Bridge of Death By a Thousand CutsLove
99%
Items Mentioned in the Bridge of Death By a Thousand CutsMe
99%
AlbumsEvermore
98%
AlbumsFolklore
98%
Albums1989
97%
AlbumsFearless
97%
AlbumsMidnights
97%
AlbumsRed
97%
AlbumsReputation
97%
AlbumsTaylor Swift
97%
AlbumsLover
96%
AlbumsSpeak Now
96%
The 'It Girls' of Folklore/EvermoreBetty
92%
AlbumsFearless TV
85%
AlbumsRed TV
85%
Items Mentioned in the Bridge of Death By a Thousand CutsBody
84%
The 'It Girls' of Folklore/EvermoreAugustine
79%
Items Mentioned in the Bridge of Death By a Thousand CutsHips
79%
Fearless TV Vault TracksMr. Perfectly Fine
77%
Items Mentioned in the Bridge of Death By a Thousand CutsHeart
72%
CatsMeredith Grey
72%
Items Mentioned in the Bridge of Death By a Thousand CutsYou
71%
Items Mentioned in the Bridge of Death By a Thousand CutsCountry/Lawless Land
68%
Red TV Vault TracksI Bet You Think About Me (ft. Chris Stapleton)
68%
The 'It Girls' of Folklore/EvermoreInez
68%
Items Mentioned in the Bridge of Death By a Thousand CutsWine
67%
Red TV Vault TracksAll Too Well 10 Minute Version
66%
The 'It Girls' of Folklore/EvermoreDorothea
66%
The 'It Girls' of Folklore/EvermoreMarjorie
65%
Red TV Vault TracksMessage in a Bottle
65%
CatsOlivia Benson
65%
Immediate Family MembersAndreaMom
64%
Red TV Vault TracksRun (ft. Ed Sheeran)
64%
Appearances in MoviesAll Too Well: the Short Film
63%
Items Mentioned in the Bridge of Death By a Thousand CutsBad Drug
63%
Red TV Vault TracksForever Winter
63%
Grammy AwardsAlbum of the Year (1989)2016
62%
Grammy AwardsAlbum of the Year (Fearless)2010
62%
Grammy AwardsAlbum of the Year (Folklore)2021
62%
Immediate Family MembersAustinBrother
62%
Fearless TV Vault TracksBye Bye Baby
62%
Items Mentioned in the Bridge of Death By a Thousand CutsSpirit
62%
Fearless TV Vault TracksThat's When (ft. Keith Urban)
62%
Red TV Vault TracksThe Very First Night
62%
Red TV Vault TracksNothing New (ft. Phoebe Bridgers)
61%
Items Mentioned in the Bridge of Death By a Thousand CutsTrust
61%
Appearances in MoviesValentine's Day
61%
Red TV Vault TracksBabe
60%
Red TV Vault TracksBetter Man
60%
Items Mentioned in the Bridge of Death By a Thousand CutsHaunted Club
60%
Items Mentioned in the Bridge of Death By a Thousand CutsTime
59%
Items Mentioned in the Bridge of Death By a Thousand CutsHand
58%
Immediate Family MembersScottDad
58%
Items Mentioned in the Bridge of Death By a Thousand CutsSigns
58%
CatsBenjamin Button
57%
Fearless TV Vault TracksDon't You
56%
The 'It Girls' of Folklore/EvermoreRebekah Harkness
56%
Appearances in MoviesCats
55%
Items Mentioned in the Bridge of Death By a Thousand CutsFilms
55%
Items Mentioned in the Bridge of Death By a Thousand CutsSongs
55%
Items Mentioned in the Bridge of Death By a Thousand CutsFears
53%
Fearless TV Vault TracksYou All Over Me (ft. Marren Morris)
53%
Items Mentioned in the Bridge of Death By a Thousand CutsPaper-Thin Plans
51%
Fearless TV Vault TracksWe Were Happy
51%
Items Mentioned in the Bridge of Death By a Thousand CutsPaper Cut Stings
50%
The 'It Girls' of Folklore/EvermoreJames
49%
Appearances in MoviesThe Lorax
40%
The 'It Girls' of Folklore/EvermoreEste
37%
Grammy AwardsBest Music Video (All Too Well: the Short Film)2023
36%
Grammy AwardsBest Music Video (Bad Blood)2016
36%
Appearances in MoviesThe Giver
30%
Appearances in MoviesAmsterdam
29%
Grammy AwardsBest Country Song (Mean)2012
26%
Grammy AwardsBest Country Song (White Horse)2010
26%
Grammy AwardsBest Country Album (Fearless)2010
23%
Grammy AwardsBest Pop Vocal Album (1989)2016
20%
Appearances in MoviesHannah Montana: The Movie
19%
Grammy AwardsBest Song Written for Visual Media (Safe and Sound)2013
12%
Grammy AwardsBest Female Country Vocal Performance (White Horse)2010
10%
Grammy AwardsBest Solo Country Performance (Mean)2012
10%

Score Distribution

Percentile by Number Answered

Percent of People with Each Score

Your Score History

You have not taken this quiz